书目信息 |
| 题名: |
高聚物的结构与性能
|
|
| 作者: | 马德柱 | |
| 分册: | ||
| 出版信息: | 北京 科学出版社 1995 |
|
| 页数: | 644 | |
| 开本: | 20cm | |
| 丛书名: | ||
| 单 册: | ||
| 中图分类: | O631.1 | |
| 科图分类: | ||
| 主题词: | 高分子化学 , 高聚物 | |
| 电子资源: | ||
| ISBN: | 7-03-004539-4 | |
| 000 | 00554nam0 2200205 450 | |
| 001 | 0754114953 | |
| 005 | 20070929150154.95 | |
| 010 | @a7-03-004539-4 | |
| 100 | @a20070929d km y0chiy0120 ea | |
| 101 | 0 | @achi |
| 200 | 1 | @a高聚物的结构与性能@Agao ju wu de jie gou yu xing neng@f马德柱等@Fma de zhu deng |
| 205 | @a2版 | |
| 210 | @a北京@c科学出版社@d1995 | |
| 215 | @a644@c插图@d20cm | |
| 606 | 0 | @a高分子化学 |
| 606 | 0 | @a高聚物 |
| 690 | @aO631.1@v3 | |
| 701 | 0 | @a马德柱@Ama de zhu |
| 801 | 0 | @aCN@bPFT@c20070929 |
| 905 | @a213230@dO631.1@eh12=2@f1 | |
| 高聚物的结构与性能/马德柱等.-2版.-北京:科学出版社,1995 |
| 644:插图;20cm |
| ISBN 7-03-004539-4: |
| ● |
| 相关链接 |
|
|
|
|
正题名:高聚物的结构与性能
索取号:O631.1/h12=2
 
预约/预借
| 序号 | 登录号 | 条形码 | 馆藏地/架位号 | 状态 | 备注 |
| 1 | 6001469 | 260014692 | 密集书库-化学系/ [索取号:O631.1/h12=2] | 在馆 | |
| 2 | 6001470 | 260014709 | 密集书库-化学系/ [索取号:O631.1/h12=2] | 在馆 |